Statistiques concernant Réalisateurs / Réalisatrices Français

Cliquez ici pour prendre le quiz!

Statistiques générales

  • Ce quiz a été pris 343 fois
  • Le résultat moyen est 54 sur 100

Statistiques - réponses

Film (année)Réalisateur / Réalisatrice% Correct
68Le Grand Bleu (1988)Luc Besson
91%
30Les quatre cents coups (1959)François Truffaut
90%
74La Haine (1995)Matthieu Kassovitz
88%
31A bout de souffle (1960)Jean-Luc Godard
87%
93Les petits mouchoirs (2010)Guillaume Canet
86%
85Le Pianiste (2002)Roman Polanski
86%
83Astérix et Obélix : Mission Cléopâtre (2002)Alain Chabat
83%
51Les Valseuses (1974)Bertrand Blier
83%
95The Artist (2011)Michel Hazanavicius
81%
90Un prophète (2009)Jacques Audiard
80%
82Le Fabuleux Destin d'Amélie Poulain (2001)Jean-Pierre Jeunet
80%
94Polisse (2011)Maïwenn
80%
34Cléo de 5 à 7 (1962)Agnès Varda
77%
22Les vacances de monsieur Hulot (1953)Jaques Tati
77%
84Huit femmes (2002)François Ozon
76%
40Un homme et une femme (1966)Claude Lelouch
74%
2Le Voyage dans la lune (1902)Georges Méliès
74%
98La Vie d'Adèle : Chapitres 1 et 2 (2013)Abdellatif Kechiche
73%
26Nuit et brouillard (1956)Alain Resnais
70%
54L'Aile ou la Cuisse (1976)Claude Zidi
69%
21Le salaire de la peur (1953)Henri-Georges Clouzot
68%
81Le Goût des autres (2000)Agnès Jaoui
67%
46Peau d'Âne (1970)Jacques Demy
67%
76Sept ans au Tibet (1997)Jean-Jacques Annaud
67%
13La règle du jeu (1939)Jean Renoir
67%
39La Grande Vadrouille (1966)Gérard Oury
66%
44Z (1969)Costa-Gavras
65%
979 mois ferme (2013)Albert Dupontel
64%
48César et Rosalie (1972)Claude Sautet
64%
78Le Dîner de cons (1998)Francis Veber
64%
15Les Enfants du paradis (1945)Marcel Carné
64%
7Un chien andalou (1929)Luis Buñuel
63%
43Ma nuit chez Maud (1969)Eric Rohmer
62%
86Eternal Sunshine of the Spotless Mind (2004)Michel Gondry
62%
45Le Cercle rouge (1970)Jean-Pierre Melville
61%
17Orphée (1950Jean Cocteau
60%
60A nos amours (1983)Maurice Pialat
60%
24Et Dieu... créa la femme (1956)Roger Vadim
60%
29Le beau Serge (1958)Claude Chabrol
59%
69Cyrano de Bergerac (1990)Jean-Paul Rappeneau
59%
53Que la fête commence... (1975)Bertrand Tavernier
58%
64Manon des sources (1986)Claude Berri
58%
63Trois hommes et un couffin (1985)Coline Serreau
58%
37Les Tontons Flingueurs (1963)Georges Lautner
57%
12Le Schpountz (1938)Marcel Pagnol
57%
79Vénus Beauté (Institut) (1999)Tonie Marshall
55%
73Les Roseaux sauvages (1994)André Téchiné
53%
33Le Trou (1960)Jacques Becker
53%
28Ascenseur pour l'échafaud (1958)Louis Malle
53%
92La tête en friche (2010)Jean Becker
52%
77Kirikou et la Sorcière (1998)Michel Ocelot
52%
38L'Homme de Rio (1964)Philippe de Broca
52%
55Un éléphant ça trompe énormément (1976)Yves Robert
52%
6Napoléon (1927)Abel Gance
51%
25La Traversée de Paris (1956)Claude Autant-Lara
50%
89Un conte de noël (2008)Arnaud Desplechin
48%
87Les Choristes (2004)Christophe Barratier
48%
62L'Effrontée (1985)Claude Miller
48%
58La Boum (1980)Claude Pinoteau
48%
99La Tête haute (2015)Emmanuelle Bercot
48%
36Mélodie en sous-sol (1963)Henri Verneuil
48%
65Mauvais sang (1986)Leos Carax
48%
72La reine Margot (1994)Patrice Chéreau
48%
88Naissance des pieuvres (2007)Céline Sciamma
46%
71Les Nuits fauves (1992)Cyril Collard
46%
35La Jetée (1962)Chris Marker
45%
50L'Emmerdeur (1973)Edouard Molinaro
45%
49La Maman et la Putain (1973)Jean Eustache
45%
59Diva (1981)Jean-Jacques Beineix
45%
19Jeux interdits (1952)René Clément
45%
52India Song (1975)Marguerite Duras
44%
27Un condamné à mort s'est échappé (1956)Robert Bresson
43%
91Des hommes et des dieux (2010)Xavier Beauvois
43%
80Beau Travail (2000)Claire Denis
42%
32Les Yeux sans visage (1960)Georges Franju
42%
11La Belle Equipe (1936)Julien Duvivier
42%
23Madame de... (1953)Max Ophüls
42%
66Thérèse (1986)Alain Cavalier
41%
61Fort Saganne (1984)Alain Corneau
41%
100120 battements par minute (2017)Robin Campillo
40%
67Le Miraculé (1987)Jean-Pierre Mocky
39%
70Indochine (1992)Régis Wargnier
39%
75Microcosmos : le peuple de l'herbe (1996)Jacques Perrin
36%
41Suzanne Simonin, La Religieuse de Diderot (1967)Jacques Rivette
36%
56Le Crabbe-tambour (1977)Pierre Schoendoerffer
36%
96Les adieux à la reine (2012)Benoît Jacquot
35%
1La Fée aux choux (1896)Alice Guy
34%
9Zéro de conduite (1933)Jean Vigo
34%
57La Banquière (1980)Francis Girod
30%
5L'Inhumaine (1924)Marcel L'Herbier
30%
42La fiancée du pirate (1969)Nelly Kaplan
30%
8Sous les toits de Paris (1930)René Clair
30%
16La symphonie pastorale (1946)Jean Delannoy
29%
14Remorques (1941)Jean Grémillon
29%
18Fanfan la tulipe (1952)Christian-Jaque
28%
20La Vérité sur Bébé Donge (1952)Henri Decoin
27%
47Ça n’arrive qu’aux autres (1971)Nadine Trintignant
27%
4La Femme de nulle part (1922)Louis Delluc
26%
10Zouzou (1934)Marc Allégret
26%
3Fille de pirates (1914)Maurice Tourneur
24%

Distribution des résultats

Percentile par nombre de réponses

% des personnes avec chaque résultat

Votre développement - résultats

Vous n’avez pas pris ce quiz